Wird geladen...
Aftermath: the makers of the postwar world
| 1. Verfasser: | |
|---|---|
| Format: | Printed Book |
| Veröffentlicht: |
london
I B Tauris
2015
|
| LEADER | 00440nam a2200133 4500 | ||
|---|---|---|---|
| 020 | |a 9781784531027 | ||
| 082 | |a 909.824 |b CRO/A | ||
| 100 | |a Crowder, Richard | ||
| 245 | |a Aftermath: the makers of the postwar world | ||
| 260 | |a london |b I B Tauris |c 2015 | ||
| 300 | |a 308p | ||
| 942 | |c BK | ||
| 999 | |c 44936 |d 44936 | ||
| 952 | |0 0 |1 0 |4 0 |6 909_824000000000000_CROA |7 0 |8 Stack |9 48911 |a KUCL |b KUCL |c Stack |d 2018-03-06 |l 0 |o 909.824 CRO/A |p 45516 |r 2018-03-06 |w 2018-03-06 |y BK | ||